| 000 | 01098cam a2200289 a 4500 | ||
|---|---|---|---|
| 999 |
_c22279 _d22279 |
||
| 001 | 4715807 | ||
| 003 | OSt | ||
| 005 | 20170123162310.0 | ||
| 008 | 831125s1984 ilua b 001 0 eng | ||
| 010 | _a 83025852 | ||
| 020 |
_a0877431922 : _c$20.00 |
||
| 020 |
_a0877431930 (pbk.) : _c$11.50 |
||
| 040 |
_aDLC _cDLC _dDLC _dOCoLC |
||
| 043 |
_an-us--- _an-us-il |
||
| 050 | 0 | 0 | _aNA5235.W483W5 1984 |
| 082 | 0 | 0 |
_a726/.1789/097731 _219 |
| 100 | 1 |
_aWhitmore, Bruce W., _d1984 |
|
| 245 | 1 | 4 |
_aThe dawning place : _bthe building of a temple, the forging of the North American Bahá'í community / _cby Bruce W. Whitmore. |
| 260 |
_aWilmette, Ill. ; _bBahá'í Pub. Trust, _c1984. |
||
| 300 |
_axi, 331 p. : _bill. ; _c24 cm. |
||
| 500 | _aIncludes bibliographical references and index. | ||
| 610 | 2 | 0 | _aBahá'í Temple (Wilmette, Ill.) |
| 650 | 0 |
_aBahai Faith _zUnited States. |
|
| 651 | 0 |
_aWilmette (Ill.) _xBuildings, structures, etc. |
|
| 906 |
_a7 _bcbc _corignew _d1 _eocip _f19 _gy-gencatlg |
||
| 942 |
_2lcc _cBOOKS _hNA5235.W483W5 1984 _k31552 |
||